Italian Baby Names - Boys & Girls - Statistics

General Stats
  • This quiz has been taken 32 times
  • The average score is 6 of 40
Answer Stats
Gender Letter Answer % Correct
Boys G Giovanni
71%
Girls G Giovanna
43%
Girls C Chiara
39%
Girls G Giulia
39%
Girls I Isabella
36%
Boys M Marco
36%
Boys L Lorenzo
32%
Boys A Alessio
29%
Boys N Nico
25%
Boys F Federico
21%
Girls A Arianna
18%
Boys D Dario
18%
Girls C Camilla
14%
Girls L Luciana
14%
Boys L Luka
14%
Boys R Rocco
14%
Boys V Valentino
14%
Boys F Fabrizio
11%
Girls A Allegra
7%
Girls B Blanca
7%
Boys E Ernesto
7%
Girls K Kara
7%
Girls R Roma
7%
Girls V Viviana
7%
Boys A Armani
4%
Girls L Lorenza
4%
Boys M Michelangelo
4%
Boys R Renzo
4%
Boys R Romeo
4%
Boys A Amadeo
0%
Girls B Bambina
0%
Girls C Cecilia
0%
Girls C Concetta
0%
Girls D Delfina
0%
Boys D Dino
0%
Boys G Gaetano
0%
Girls G Gianella
0%
Girls R Rochelle
0%
Boys T Tullio
0%
Girls Z Zola
0%
No matching quizzes found
Score Distribution
Percent of People with Each Score
Percentile by Number Answered
Your Score History
You have not taken this quiz